Statistics for 首都圏電鉄の駅

Click here to take the quiz!

General Stats

  • This quiz has been taken 20 times
  • The average score is 98 of 785

Answer Stats

通称路線名所属路線ナンバリング駅名% Correct
新盆唐線新盆唐線D07江南
73%
水仁・盆唐線水仁線K272仁川
73%
1号線京仁線161仁川
73%
2号線乙支路循環線222江南
73%
4号線4号線421東大門
64%
空港鉄道仁川国際空港線A01서울驛
64%
1号線京釜本線P155水原
64%
1号線京釜本線135龍山
64%
1号線1号線/京釜本線133서울驛
64%
4号線安山線450中央
64%
1号線1号線128東大門
64%
水仁・盆唐線水仁線K252中央
64%
京義・中央線龍山線/京元本線K110龍山
64%
水仁・盆唐線盆唐線/水仁線K245水原
64%
京義・中央線京義本線P313서울驛
64%
1号線京仁線160東仁川
64%
4号線4号線426서울驛
64%
1号線京元本線110議政府
64%
金浦ゴールドライン金浦都市鉄道G109金浦空港
55%
5号線5号線512金浦空港
55%
1号線京釜本線P142加山디지털團地
55%
1号線京釜本線141九老
55%
1号線京釜本線139永登浦
55%
京義・中央線龍山線K314弘大入口
55%
1号線京釜本線P157餠店
55%
2号線乙支路循環線239弘大入口
55%
6号線6号線630梨泰院
55%
9号線9号線902金浦空港
55%
西海線大谷-素砂線S13金浦空港
55%
空港鉄道仁川国際空港線A05金浦空港
55%
空港鉄道仁川国際空港線A03弘大入口
55%
7号線7号線746加山디지털團地
55%
空港鉄道仁川国際空港線A04디지털미디어시티
45%
9号線9号線917鷺梁津
45%
西海線大谷-素砂線/西海線S16素砂
45%
新盆唐線新盆唐線D11板橋(板橋테크노밸리)
45%
水仁・盆唐線水仁線K255安山
45%
西海線京義本線/大谷-素砂線S11大谷
45%
1号線京釜高速線P144-1光明
45%
京義・中央線京義本線K322大谷
45%
2号線乙支路循環線201市廳
45%
1号線京仁線148富川
45%
2号線乙支路循環線240新村
45%
1号線京仁線147素砂
45%
5号線5号線525新吉
45%
2号線乙支路循環線234新道林
45%
京江線京江本線K410板橋
45%
仁川交通公社1号線仁川交通公社1号線I120富平
45%
3号線一山線314大谷
45%
1号線京仁線152富平
45%
京春線京春線P140春川
45%
4号線4号線424明洞
45%
4号線榛接線/4号線409당고개
45%
京義・中央線京義本線P314新村
45%
4号線榛接線405榛接
45%
1号線京元本線101東豆川
45%
京義・中央線京元本線K114玉水
45%
4号線果川線438果川
45%
京義・中央線京元本線K112西氷庫
45%
3号線3号線335玉水
45%
1号線京釜本線140新道林
45%
京義・中央線京義本線K316디지털미디어시티
45%
4号線安山線453安山
45%
1号線1号線132市廳
45%
1号線京釜本線134南營
45%
1号線京釜本線136鷺梁津
45%
1号線京釜本線138新吉
45%
2号線乙支路循環線208往十里(城東區廳)
36%
京義・中央線中央本線K120上鳳
36%
京義・中央線京元本線/中央本線K118回基
36%
京義・中央線京元本線/中央本線K117淸凉里
36%
2号線聖水支線211-4新設洞
36%
水仁・盆唐線水仁線K258烏耳島
36%
2号線乙支路循環線202乙支路入口
36%
京春線中央本線K117淸凉里
36%
水仁・盆唐線京元本線/盆唐線K210往十里
36%
2号線乙支路循環線211聖水
36%
京春線中央本線K118回基
36%
水仁・盆唐線京元本線K209淸凉里
36%
京義・中央線京元本線K116往十里
36%
京春線中央本線K120上鳳
36%
4号線安山線456烏耳島
36%
西海線京義本線S07一山
36%
京義・中央線京義本線K326一山
36%
2号線乙支路循環線230新林
36%
京春線忘憂線119光云大
36%
5号線5号線518喜鵲山
36%
2号線新亭支線234-4까치山
36%
1号線京元本線100逍遙山
36%
5号線5号線540往十里
36%
1号線京元本線/1号線124淸凉里
36%
1号線京釜本線/長項線P169天安
36%
牛耳新設線牛耳新設線S122新設洞
36%
新林線新林線S402大方
36%
新林線新林線S408新林
36%
1号線京釜本線137大方
36%
1号線長項線P172牙山
36%
1号線1号線126新設洞
36%
1号線京仁線146驛谷
36%
1号線京元本線123回基
36%
1号線京元本線122外大앞
36%
1号線京元本線119光云大
36%
7号線7号線720上鳳(市外버스터미널)
36%
1号線京元本線103東豆川中央
36%
1号線長項線P177新昌
36%
仁川空港磁気浮上鉄道仁川空港磁気浮上鉄道M01仁川空港1터미널
36%
空港鉄道仁川国際空港線A10仁川空港1터미널
36%
空港鉄道仁川国際空港線A11仁川空港2터미널
36%
3号線3号線329鍾路3街
36%
1号線1号線130鍾路3街
36%
5号線5号線534鍾路3街(塔骨公園,仁寺洞)
36%
1号線1号線129鍾路5街
36%
9号線9号線916샛江
27%
水仁・盆唐線盆唐線K221水西
27%
1号線京釜本線P149衿井
27%
京義・中央線京義本線K336雲泉
27%
7号線7号線734高速터미널
27%
6号線6号線636東廟앞
27%
京義・中央線京義本線K317水色
27%
2号線乙支路循環線205東大門歷史文化公園
27%
6号線6号線614연신내
27%
1号線京釜本線P144衿川區廳
27%
水仁・盆唐線盆唐線K233竹田
27%
京義・中央線京義本線/龍山線K315加佐
27%
1号線京釜本線P143禿山
27%
3号線3号線349水西
27%
西海線大谷-素砂線S12陵谷
27%
水仁・盆唐線盆唐線K218九龍
27%
3号線3号線321연신내
27%
1号線京釜本線P152義王
27%
8号線8号線814蠶室
27%
4号線安山線448常綠樹
27%
京春線中央本線/京春線K121忘憂
27%
京春線京春線P124別內
27%
4号線果川線/安山線443衿井
27%
仁川交通公社2号線仁川交通公社2号線I207黔岩
27%
京春線京春線P128坪內好坪
27%
1号線1号線127東廟앞
27%
3号線3号線339高速터미널
27%
1号線1号線125祭基洞
27%
京春線京春線P139南春川
27%
1号線餅店基地線P157-1西東灘
27%
京義・中央線京義本線K338都羅山
27%
西海線西海線S28元時
27%
4号線榛接線408別內별가람
27%
京義・中央線京義本線K337臨津江
27%
京義・中央線京義本線K324白馬
27%
5号線5号線532西大門(江北三星病院)
27%
2号線乙支路循環線216蠶室(松坡區廳)
27%
1号線長項線P176溫陽溫泉
27%
2号線乙支路循環線218綜合運動場
27%
京義・中央線中央本線K121忘憂
27%
京義・中央線京義本線K335文山
27%
西海線京義本線S09白馬
27%
西海線西海線S19新川
27%
9号線9号線930綜合運動場
27%
空港鉄道仁川国際空港線A07黔岩
27%
京江線京江本線K420驪州
27%
1号線京釜本線P165平澤
27%
5号線5号線523永登浦區廳
27%
京義・中央線京義本線K334坡州
27%
空港鉄道仁川国際空港線A071靑羅國際都市
27%
1号線京元本線107楊州
27%
1号線京仁線142九一
27%
新林線新林線S401샛江
27%
京義・中央線京義本線K320幸信
27%
水仁・盆唐線水仁線K267松島
27%
4号線4号線422東大門歷史文化公園
27%
京義・中央線京義本線K321陵谷
27%
5号線馬川支線P555馬川
27%
5号線5号線536東大門歷史文化公園
27%
5号線5号線519新亭(銀杏亭)
27%
4号線4号線430二村(國立中央博物館)
27%
2号線乙支路循環線236永登浦區廳
27%
9号線9号線923高速터미널
27%
4号線4号線429新龍山
27%
京江線京江本線K413京畿廣州
27%
京江線京江本線K417利川
27%
京義・中央線京元本線K111二村
27%
2号線乙支路循環線203乙支路3街
27%
3号線3号線330乙支路3街(新韓카드)
27%
5号線5号線535乙支路4街
27%
2号線乙支路循環線204乙支路4街
27%
仁川交通公社2号線仁川交通公社2号線I208黔바위
18%
5号線5号線514麻谷
18%
京義・中央線京義本線K329雲井
18%
7号線7号線715下溪
18%
5号線5号線526汝矣島
18%
京義・中央線京義本線K325楓山
18%
7号線7号線730江南區廳
18%
4号線4号線428三角地
18%
9号線9号線925新論峴
18%
5号線5号線533光化門
18%
4号線4号線431銅雀(顯忠院)
18%
9号線9号線920銅雀 (顯忠院)
18%
4号線4号線433舍堂
18%
京義・中央線京義本線K318花田
18%
9号線9号線918鷺들
18%
4号線果川線439政府果川廳舍
18%
9号線9号線915汝矣島
18%
7号線7号線750溫水(聖公會大入口)
18%
7号線7号線755富川市廳
18%
6号線6号線628三角地
18%
4号線安山線449漢大앞
18%
4号線安山線445修理山
18%
4号線安山線444山本
18%
6号線6号線622合井
18%
4号線果川線436競馬公園
18%
9号線9号線901開花
18%
仁川交通公社1号線仁川交通公社1号線I138國際業務地區
18%
3号線3号線327景福宮
18%
新盆唐線新盆唐線D06新論峴
18%
西海線西海線S22始興市廳
18%
1号線京釜本線P147安養
18%
水仁・盆唐線盆唐線K227二梅
18%
1号線京元本線117鹿川
18%
2号線乙支路循環線207上往十里
18%
水仁・盆唐線盆唐線K240靈通
18%
水仁・盆唐線盆唐線K243水原市廳
18%
水仁・盆唐線水仁線K251漢大前
18%
Uライン議政府軽電鉄U117議政府中央
18%
2号線乙支路循環線215蠶室나루
18%
水仁・盆唐線盆唐線K213江南區廳
18%
2号線乙支路循環線241梨大
18%
2号線乙支路循環線238合井
18%
京江線京江本線K411二梅
18%
2号線乙支路循環線231新大方
18%
京江線京江本線K418夫鉢
18%
2号線乙支路循環線228首爾大學(冠岳區廳)
18%
2号線乙支路循環線219三成(貿易센터)
18%
2号線乙支路循環線226舍堂
18%
西海線京義本線S08楓山
18%
1号線京仁線158濟物浦
18%
水仁・盆唐線盆唐線K212狎鷗亭로데오
18%
1号線京釜本線P153成均館大
18%
空港鉄道仁川国際空港線A09空港貨物廳舍
18%
京義・中央線中央本線K128八堂
18%
京義・中央線中央本線K135楊平
18%
京義・中央線中央本線K137龍門
18%
京義・中央線中央本線K138砥平
18%
4号線4号線410上溪
18%
新盆唐線新盆唐線D19光敎(京畿大)
18%
1号線京元本線109佳陵
18%
空港鉄道仁川国際空港線A08雲西
18%
1号線京仁線145溫水
18%
1号線1号線131鐘閣
18%
1号線京釜本線P160烏山
18%
3号線3号線336狎鷗亭(現代百貨店)
18%
牛耳新設線牛耳新設線S110北漢山牛耳
18%
3号線3号線326獨立門
18%
水仁・盆唐線盆唐線K211서울숲
18%
空港鉄道仁川国際空港線A06桂陽
9%
9号線9号線938中央報勳病院
9%
9号線9号線905麻谷나루
9%
9号線9号線931三田
9%
9号線9号線922新盤浦
9%
9号線9号線928三成中央
9%
9号線9号線914國會議事堂
9%
9号線9号線921舊盤浦
9%
Uライン議政府軽電鉄U111回龍
9%
新林線新林線S404보라매
9%
新林線新林線S407堂谷
9%
8号線8号線820福井
9%
9号線9号線903空港市場
9%
金浦ゴールドライン金浦都市鉄道G101九來
9%
仁川空港磁気浮上鉄道仁川空港磁気浮上鉄道M04빈칸
9%
仁川空港磁気浮上鉄道仁川空港磁気浮上鉄道M03合同廳舍
9%
7号線7号線727建大入口
9%
仁川空港磁気浮上鉄道仁川空港磁気浮上鉄道M02長期駐車場
9%
7号線7号線732論峴
9%
7号線7号線733盤浦
9%
7号線7号線735內方
9%
7号線7号線742보라매
9%
金浦ゴールドライン金浦都市鉄道G102麻山
9%
7号線7号線744大林(九老區廳)
9%
金浦ゴールドライン金浦都市鉄道G100陽村
9%
Uライン議政府軽電鉄U113輕電鐵議政府
9%
龍仁エバーライン龍仁軽電鉄Y124前垈·에버랜드
9%
7号線7号線759富平區廳
9%
龍仁エバーライン龍仁軽電鉄Y116三街
9%
7号線7号線760山谷
9%
龍仁エバーライン龍仁軽電鉄Y110器興(白南準아트센터)
9%
8号線8号線812江東區廳
9%
8号線8号線817可樂市場
9%
仁川交通公社1号線仁川交通公社1号線I118富平區廳
9%
Uライン議政府軽電鉄U114議政府市廳
9%
8号線8号線827牡丹
9%
仁川交通公社1号線仁川交通公社1号線I110桂陽
9%
京義・中央線中央本線K123九里
9%
仁川交通公社1号線仁川交通公社1号線I119富平市場
9%
京春線京春線P135屈峰山
9%
水仁・盆唐線盆唐線K237器興
9%
水仁・盆唐線盆唐線K231美金
9%
水仁・盆唐線盆唐線K225牡丹
9%
京義・中央線龍山線K313西江大
9%
水仁・盆唐線盆唐線K222福井
9%
京義・中央線龍山線K312孔德
9%
京義・中央線龍山線K311孝昌公園앞
9%
7号線7号線709長岩
9%
京春線京春線P138金裕貞
9%
京春線京春線P130磨石
9%
京義・中央線京義本線K319江梅
9%
京春線京春線P129天摩山
9%
京義・中央線京元本線K113漢南
9%
京春線京春線P127金谷
9%
京春線京春線P125退溪院
9%
京春線中央本線K119中浪
9%
京義・中央線中央本線K134梧濱
9%
京義・中央線中央本線K133我新
9%
京義・中央線中央本線K129雲吉山
9%
京義・中央線中央本線K119中浪
9%
水仁・盆唐線水仁線K253古棧
9%
水仁・盆唐線水仁線K256新吉溫泉
9%
空港鉄道仁川国際空港線A042麻谷나루
9%
新盆唐線新盆唐線D08良才(瑞草區廳)
9%
仁川交通公社1号線仁川交通公社1号線I124仁川市廳
9%
仁川交通公社1号線仁川交通公社1号線I130源仁齋
9%
仁川交通公社1号線仁川交通公社1号線I131東春
9%
空港鉄道仁川国際空港線A02孔德
9%
仁川交通公社2号線仁川交通公社2号線I218朱安
9%
仁川交通公社2号線仁川交通公社2号線I221仁川市廳
9%
新盆唐線新盆唐線D18光敎中央(亞洲大)
9%
新盆唐線新盆唐線D13美金
9%
新盆唐線新盆唐線D10淸溪山入口
9%
京義・中央線中央本線K126德沼
9%
水仁・盆唐線水仁線K265源仁齋
9%
新盆唐線新盆唐線D05論峴
9%
京義・中央線京義本線K333月籠
9%
新盆唐線新盆唐線D04新沙
9%
京義・中央線京義本線K331金村
9%
京義・中央線京義本線K330金陵
9%
京義・中央線京義本線K328野塘
9%
京義・中央線京義本線K327炭峴
9%
西海線京義本線S10谷山
9%
京江線京江本線K419世宗大王陵
9%
京義・中央線京義本線K323谷山
9%
7号線7号線710道峰山
9%
仁川空港磁気浮上鉄道仁川空港磁気浮上鉄道M06龍遊
9%
3号線3号線340敎大(法院·檢察廳)
9%
1号線京釜本線P159烏山大
9%
1号線京仁線143開峰
9%
1号線長項線P173湯井
9%
5号線5号線530빈칸
9%
1号線京釜本線P166成歡
9%
1号線京釜本線P164平澤芝制
9%
5号線5号線529孔德
9%
5号線5号線528麻浦
9%
5号線5号線527汝矣渡口
9%
6号線6号線620麻浦區廳
9%
1号線京仁線149中洞
9%
5号線5号線511開花山
9%
5号線5号線510傍花
9%
4号線安山線454新吉溫泉
9%
1号線京釜本線P156細柳
9%
1号線京釜本線P154華西
9%
4号線安山線451古棧
9%
1号線京釜本線P150軍浦
9%
4号線安山線447半月
9%
6号線6号線626孔德
9%
1号線京仁線144梧柳洞
9%
5号線馬川支線P552梧琴
9%
4号線果川線435선바위
9%
2号線乙支路循環線209漢陽大
9%
2号線乙支路循環線233大林(九老區廳)
9%
2号線乙支路循環線232九老디지털團地
9%
2号線乙支路循環線224瑞草
9%
2号線乙支路循環線223敎大(法院·檢察廳)
9%
2号線乙支路循環線221驛三
9%
2号線乙支路循環線217蠶室새내
9%
2号線乙支路循環線212建大入口
9%
3号線3号線342良才(瑞草區廳)
9%
2号線乙支路循環線210뚝섬
9%
2号線新亭支線234-1道林川
9%
1号線京仁線150松內
9%
2号線新亭支線234-2陽川區廳
9%
2号線新亭支線234-3新亭네거리
9%
1号線京仁線157道禾
9%
1号線京仁線156朱安
9%
3号線一山線309大化
9%
1号線京仁線154銅岩
9%
5号線河南線557河南市廳
9%
5号線河南線558河南黔丹山
9%
1号線京仁線151富開
9%
6号線6号線627孝昌公園앞
9%
5号線5号線548江東
9%
4号線4号線412倉洞
9%
1号線京元本線111回龍
9%
4号線4号線415彌阿(서울사이버大學)
9%
3号線3号線337新沙
9%
3号線3号線350可樂市場
9%
1号線京元本線105德亭
9%
1号線京元本線104紙杏
9%
1号線京元本線102保山
9%
4号線4号線413雙門
9%
1号線京元本線116倉洞
9%
4号線4号線420惠化(서울大學校病院)
9%
3号線3号線331忠武路
9%
4号線4号線423忠武路
9%
1号線京元本線114道峰
9%
4号線4号線432總神大入口(梨水)
9%
1号線京元本線118月溪
9%
6号線6号線646花郞臺(서울女大入口)
9%
3号線3号線352梧琴
9%
1号線京元本線121新里門
9%
1号線京元本線113道峰山
9%
1号線京元本線112望月寺
9%
3号線3号線320舊把撥
9%
4号線4号線416彌阿사거리
9%
3号線3号線334金湖
0%
水仁・盆唐線水仁線K254草芝
0%
京春線京春線P137江村
0%
2号線聖水支線211-3龍頭(東大門區廳)
0%
水仁・盆唐線水仁線K257正往
0%
2号線聖水支線211-2新踏
0%
京春線京春線P136白楊里
0%
水仁・盆唐線水仁線K261蘇萊浦口
0%
水仁・盆唐線水仁線K259達月
0%
水仁・盆唐線水仁線K266延壽
0%
2号線乙支路循環線242阿峴
0%
水仁・盆唐線水仁線K271新浦
0%
水仁・盆唐線水仁線K270崇義
0%
水仁・盆唐線水仁線K269仁荷大
0%
京春線京春線P131大成里
0%
水仁・盆唐線水仁線K268鶴翼
0%
2号線乙支路循環線243忠正路(京畿大入口)
0%
2号線聖水支線211-1龍踏
0%
3号線3号線338蠶院
0%
京春線京春線P132淸平
0%
水仁・盆唐線水仁線K264南洞産業團地
0%
水仁・盆唐線水仁線K263虎口浦
0%
水仁・盆唐線水仁線K262仁川論峴
0%
水仁・盆唐線水仁線K249野牧
0%
京春線京春線P133上泉
0%
京春線京春線P134加平
0%
水仁・盆唐線水仁線K260月串
0%
水仁・盆唐線水仁線K250四里
0%
水仁・盆唐線盆唐線K223嘉泉大
0%
3号線3号線333藥水
0%
水仁・盆唐線盆唐線K219開浦洞
0%
水仁・盆唐線盆唐線K235駒城
0%
2号線乙支路循環線237堂山
0%
3号線一山線315花井
0%
水仁・盆唐線盆唐線K232梧里
0%
水仁・盆唐線盆唐線K217道谷
0%
3号線3号線322佛光
0%
3号線一山線316元堂
0%
水仁・盆唐線盆唐線K220大母山入口
0%
水仁・盆唐線盆唐線K216한티
0%
水仁・盆唐線盆唐線K230亭子
0%
3号線一山線/3号線319紙杻
0%
水仁・盆唐線盆唐線K229藪內
0%
水仁・盆唐線盆唐線K228書峴
0%
3号線一山線317元興
0%
水仁・盆唐線盆唐線K226野塔
0%
3号線一山線318三松
0%
水仁・盆唐線盆唐線K236新葛
0%
3号線一山線313白石
0%
水仁・盆唐線水仁線K248漁川
0%
3号線一山線311鼎鉢山
0%
3号線3号線332東大入口
0%
水仁・盆唐線水仁線K247梧木川
0%
水仁・盆唐線水仁線K246古索
0%
水仁・盆唐線盆唐線K224太平
0%
3号線一山線310注葉
0%
水仁・盆唐線盆唐線K244梅橋
0%
3号線3号線328安國
0%
水仁・盆唐線盆唐線K242梅灘勸善
0%
水仁・盆唐線盆唐線K238上葛
0%
水仁・盆唐線盆唐線K241網浦
0%
3号線一山線312馬頭
0%
3号線3号線325毋岳재
0%
3号線3号線324弘濟
0%
3号線3号線323碌磻
0%
水仁・盆唐線盆唐線K214宣靖陵
0%
水仁・盆唐線盆唐線K239淸明
0%
水仁・盆唐線盆唐線K215宣陵
0%
水仁・盆唐線盆唐線K234寶亭
0%
6号線6号線648新內
0%
2号線乙支路循環線235文來
0%
Uライン議政府軽電鉄U112범골
0%
Uライン議政府軽電鉄U124松山
0%
Uライン議政府軽電鉄U123魚龍
0%
Uライン議政府軽電鉄U122昆弟
0%
Uライン議政府軽電鉄U121孝子
0%
Uライン議政府軽電鉄U120京畿道廳北部廳舍
0%
Uライン議政府軽電鉄U119새말
0%
Uライン議政府軽電鉄U118東梧
0%
Uライン議政府軽電鉄U115興宣
0%
1号線京元本線120石溪
0%
1号線京釜本線P145石水
0%
Uライン議政府軽電鉄-車輛基地臨時昇降場
0%
Uライン議政府軽電鉄U110鉢谷
0%
新林線新林線S411冠岳山(서울大)
0%
新林線新林線S410서울大벤처타운
0%
新林線新林線S409書院
0%
1号線京釜本線P146冠岳
0%
1号線京釜本線P148鳴鶴
0%
新林線新林線S406보라매病院
0%
新林線新林線S405보라매公園
0%
新林線新林線S403서울地方兵務廳
0%
Uライン議政府軽電鉄U125塔石
0%
龍仁エバーライン龍仁軽電鉄Y111江南大
0%
牛耳新設線牛耳新設線S121普門
0%
龍仁エバーライン龍仁軽電鉄Y123屯田
0%
仁川空港磁気浮上鉄道仁川空港磁気浮上鉄道M05빈칸
0%
1号線京元本線106德溪
0%
1号線京元本線108綠楊
0%
金浦ゴールドライン金浦都市鉄道G108高村
0%
金浦ゴールドライン金浦都市鉄道G107豊舞
0%
金浦ゴールドライン金浦都市鉄道G106沙隅(金浦市廳)
0%
金浦ゴールドライン金浦都市鉄道G105傑浦北邊
0%
金浦ゴールドライン金浦都市鉄道G104雲陽
0%
金浦ゴールドライン金浦都市鉄道G103場基
0%
龍仁エバーライン龍仁軽電鉄Y122洑坪
0%
龍仁エバーライン龍仁軽電鉄Y112支石
0%
龍仁エバーライン龍仁軽電鉄Y121古陳
0%
龍仁エバーライン龍仁軽電鉄Y120運動場·松潭大
0%
龍仁エバーライン龍仁軽電鉄Y119金良場
0%
龍仁エバーライン龍仁軽電鉄Y118明知大
0%
龍仁エバーライン龍仁軽電鉄Y117市廳·龍仁大
0%
1号線京元本線115放鶴
0%
龍仁エバーライン龍仁軽電鉄Y115草堂
0%
龍仁エバーライン龍仁軽電鉄Y114東栢
0%
龍仁エバーライン龍仁軽電鉄Y113御井
0%
1号線京釜本線P151堂井
0%
牛耳新設線牛耳新設線S120誠信女大入口(敦岩)
0%
京江線京江本線K412三洞
0%
西海線大谷-素砂線S15富川綜合運動場
0%
1号線京仁線159桃源
0%
2号線乙支路循環線206新堂
0%
西海線西海線S27時雨
0%
西海線西海線S26草芝
0%
西海線西海線S25仙府
0%
西海線西海線S24달미
0%
西海線西海線S23始興陵谷
0%
西海線西海線S20新峴
0%
西海線西海線S18始興大也
0%
西海線大谷-素砂線S14遠宗
0%
新盆唐線新盆唐線D09良才市民의숲(梅軒)
0%
2号線乙支路循環線213九宜(廣津區廳)
0%
2号線乙支路循環線214江邊(東서울터미널)
0%
2号線乙支路循環線220宣陵
0%
2号線乙支路循環線225方背(白石藝術大)
0%
2号線乙支路循環線227落星垈(姜邯贊)
0%
2号線乙支路循環線229奉天
0%
京江線京江本線K416新屯陶藝村
0%
京江線京江本線K415昆池岩
0%
京江線京江本線K414草月
0%
1号線京仁線155間石
0%
1号線京仁線153白雲
0%
牛耳新設線牛耳新設線S119貞陵
0%
1号線京釜本線P162松炭
0%
牛耳新設線牛耳新設線S118北漢山輔國門
0%
牛耳新設線牛耳新設線S117松泉
0%
牛耳新設線牛耳新設線S116三陽四거리
0%
牛耳新設線牛耳新設線S115三陽
0%
牛耳新設線牛耳新設線S114華溪
0%
牛耳新設線牛耳新設線S113加五里
0%
牛耳新設線牛耳新設線S111松林公園
0%
1号線京釜本線P158洗馬
0%
1号線京釜本線P161振威
0%
1号線京釜本線P163西井里
0%
新盆唐線新盆唐線D12亭子
0%
空港鉄道仁川国際空港線A072永宗
0%
1号線京釜本線P167稷山
0%
1号線京釜本線P168斗井
0%
1号線長項線P170鳳鳴
0%
1号線長項線P171雙龍
0%
1号線長項線P174排芳
0%
新盆唐線新盆唐線D17上峴
0%
新盆唐線新盆唐線D16星福
0%
新盆唐線新盆唐線D15水枝區廳
0%
新盆唐線新盆唐線D14東川
0%
西海線西海線S17소새울
0%
4号線榛接線406梧南
0%
3号線3号線341南部터미널(藝術의殿堂)
0%
8号線8号線825新興
0%
9号線9号線909登村
0%
9号線9号線908曾米
0%
9号線9号線907加陽
0%
9号線9号線906陽川鄕校
0%
6号線6号線616새절(新寺)
0%
9号線9号線904新傍花
0%
6号線6号線617繒山(明知大앞)
0%
6号線6号線619월드컵競技場(城山)
0%
6号線6号線621望遠
0%
8号線8号線826壽進
0%
8号線8号線824丹垈五叉路口
0%
9号線9号線911新木洞
0%
8号線8号線823南漢山城入口
0%
8号線8号線822山城
0%
8号線8号線821南慰禮
0%
6号線6号線623上水
0%
8号線8号線819長旨
0%
8号線8号線818文井
0%
6号線6号線624廣興倉(西江)
0%
8号線8号線816松坡
0%
8号線8号線815石村
0%
6号線6号線625大興(西江大앞)
0%
9号線9号線910鹽倉
0%
9号線9号線912仙遊島
0%
8号線8号線811千戶
0%
9号線9号線926彦州
0%
5号線河南線556河南豊山
0%
9号線9号線937遁村五輪
0%
9号線9号線936올림픽公園
0%
9号線9号線935漢城百濟
0%
9号線9号線934松坡나루
0%
9号線9号線933石村
0%
9号線9号線932石村古墳
0%
9号線9号線929奉恩寺
0%
5号線馬川支線P549遁村洞
0%
9号線9号線927宣靖陵
0%
5号線馬川支線P550올림픽公園
0%
9号線9号線913堂山
0%
9号線9号線924砂平
0%
5号線馬川支線P551芳荑
0%
5号線馬川支線P553開籠
0%
5号線馬川支線P554巨餘
0%
9号線9号線919黑石 (中央大入口)
0%
6号線6号線610鷹岩
0%
6号線6号線611驛村
0%
6号線6号線612佛光
0%
6号線6号線613독바위
0%
6号線6号線615龜山
0%
8号線8号線813夢村土城
0%
7号線7号線761石南(거북市場)
0%
3号線3号線343매봉
0%
7号線7号線722四佳亭
0%
6号線6号線641月谷(同德女大)
0%
7号線7号線731鶴洞
0%
6号線6号線642上月谷(韓國科學技術硏究院)
0%
7号線7号線729淸潭
0%
7号線7号線728뚝섬遊園地
0%
6号線6号線643돌곶이
0%
7号線7号線726어린이大公園(世宗大)
0%
7号線7号線725君子(陵洞)
0%
7号線7号線724中谷
0%
7号線7号線723龍馬山
0%
7号線7号線721面牧
0%
6号線6号線639安岩(高大病院앞)
0%
6号線6号線644石溪
0%
7号線7号線719中和
0%
7号線7号線718먹골
0%
7号線7号線717泰陵入口
0%
7号線7号線716孔陵(서울科學技術大)
0%
6号線6号線645泰陵入口
0%
7号線7号線714中溪
0%
7号線7号線713蘆原
0%
7号線7号線712마들
0%
7号線7号線711水落山
0%
6号線6号線640高麗大(鐘岩)
0%
6号線6号線638普門
0%
6号線6号線629綠莎坪(龍山區廳)
0%
7号線7号線749天旺
0%
6号線6号線631漢江鎭
0%
7号線7号線758掘浦川
0%
7号線7号線757三山體育館
0%
7号線7号線756上洞
0%
6号線6号線632버티고개
0%
7号線7号線754新中洞
0%
7号線7号線753春衣
0%
7号線7号線752富川綜合運動場
0%
7号線7号線751까치울
0%
6号線6号線633藥水
0%
7号線7号線748光明사거리
0%
7号線7号線736梨水(總神大入口)
0%
7号線7号線747鐵山
0%
6号線6号線634靑丘
0%
7号線7号線745南九老
0%
6号線6号線635新堂
0%
7号線7号線743新豊
0%
6号線6号線637昌信
0%
7号線7号線741新大方삼거리
0%
7号線7号線740長丞拜基
0%
7号線7号線739上道
0%
7号線7号線738崇實大入口
0%
7号線7号線737南城
0%
5号線河南線555渼沙
0%
仁川交通公社1号線仁川交通公社1号線I111橘峴
0%
仁川交通公社1号線仁川交通公社1号線I112朴村
0%
5号線5号線517禾谷
0%
4号線果川線437大公園
0%
4号線果川線440仁德院
0%
4号線果川線441坪村
0%
4号線果川線442범계
0%
4号線安山線446大夜味
0%
4号線安山線452草芝
0%
4号線安山線455正往
0%
5号線5号線513松亭
0%
5号線5号線515鉢山
0%
5号線5号線516雨裝山
0%
5号線5号線520木洞
0%
4号線4号線/果川線434南泰嶺
0%
5号線5号線521梧木橋
0%
5号線5号線522楊坪
0%
5号線5号線524永登浦市場
0%
5号線5号線531忠正路(京畿大入口)
0%
5号線5号線537靑丘
0%
5号線5号線538新金湖
0%
5号線5号線539杏堂
0%
5号線5号線541馬場
0%
5号線5号線542踏十里
0%
5号線5号線543長漢坪
0%
京義・中央線京元本線K115鷹峰
0%
4号線4号線427淑大入口(葛月)
0%
仁川交通公社2号線仁川交通公社2号線I226仁川大公園
0%
4号線4号線411蘆原
0%
京春線京春線P126思陵
0%
3号線3号線344道谷
0%
3号線3号線345大峙
0%
京春線京春線P123葛梅
0%
京春線京春線P122新內
0%
3号線3号線346학여울
0%
3号線3号線347대청
0%
3号線3号線348逸院
0%
3号線3号線351警察病院
0%
6号線6号線647烽火山(서울醫療院)
0%
京義・中央線中央本線K136元德
0%
4号線4号線425會賢(南大門市場)
0%
4号線4号線414水踰(江北區廳)
0%
京義・中央線中央本線K132菊秀
0%
京義・中央線中央本線K131新院
0%
京義・中央線中央本線K130兩水
0%
4号線4号線417吉音
0%
京義・中央線中央本線K127陶深
0%
4号線4号線418誠信女大入口(敦巖)
0%
京義・中央線中央本線K125養正
0%
京義・中央線中央本線K124陶農
0%
4号線4号線419漢城大入口(三仙橋)
0%
京義・中央線中央本線K122養源
0%
仁川交通公社2号線仁川交通公社2号線I227雲宴(西昌)
0%
仁川交通公社2号線仁川交通公社2号線I225南洞區廳
0%
仁川交通公社1号線仁川交通公社1号線I113林鶴
0%
仁川交通公社1号線仁川交通公社1号線I125藝術會館
0%
仁川交通公社1号線仁川交通公社1号線I135知識情報團地
0%
仁川交通公社1号線仁川交通公社1号線I134테크노파크
0%
仁川交通公社1号線仁川交通公社1号線I133캠퍼스타운
0%
仁川交通公社1号線仁川交通公社1号線I132東幕
0%
5号線5号線549吉洞
0%
5号線5号線550(江東區民會館)
0%
仁川交通公社1号線仁川交通公社1号線I129新延壽
0%
仁川交通公社1号線仁川交通公社1号線I128仙鶴
0%
仁川交通公社1号線仁川交通公社1号線I127文鶴競技場
0%
仁川交通公社1号線仁川交通公社1号線I126仁川터미널
0%
5号線5号線551明逸
0%
仁川交通公社1号線仁川交通公社1号線I137中央公園
0%
仁川交通公社1号線仁川交通公社1号線I123間石五거리
0%
仁川交通公社1号線仁川交通公社1号線I122富平三거리
0%
仁川交通公社1号線仁川交通公社1号線I121東樹
0%
5号線5号線552高德
0%
5号線5号線/河南線553上一洞
0%
5号線河南線554江一
0%
仁川交通公社1号線仁川交通公社1号線I117葛山
0%
仁川交通公社1号線仁川交通公社1号線I116鵲田
0%
仁川交通公社1号線仁川交通公社1号線I115京仁敎大入口
0%
仁川交通公社1号線仁川交通公社1号線I114桂山
0%
仁川交通公社1号線仁川交通公社1号線I136仁川大入口
0%
仁川交通公社1号線仁川交通公社1号線I139松島달빛祝祭公園
0%
仁川交通公社2号線仁川交通公社2号線I224萬壽
0%
仁川交通公社2号線仁川交通公社2号線I213石南
0%
仁川交通公社2号線仁川交通公社2号線I223모래내市場
0%
仁川交通公社2号線仁川交通公社2号線I222石泉四거리
0%
5号線5号線544君子(陵洞)
0%
仁川交通公社2号線仁川交通公社2号線I220石바위市場
0%
仁川交通公社2号線仁川交通公社2号線I219市民公園
0%
5号線5号線545峨嵯山
0%
仁川交通公社2号線仁川交通公社2号線I217朱安國家産團
0%
仁川交通公社2号線仁川交通公社2号線I216가재울
0%
仁川交通公社2号線仁川交通公社2号線I215仁川佳佐
0%
仁川交通公社2号線仁川交通公社2号線I214西部女性會館
0%
仁川交通公社2号線仁川交通公社2号線I212佳亭中央市場
0%
仁川交通公社2号線仁川交通公社2号線I201黔丹梧柳
0%
仁川交通公社2号線仁川交通公社2号線I211佳亭
0%
仁川交通公社2号線仁川交通公社2号線I210西區廳
0%
仁川交通公社2号線仁川交通公社2号線I209아시아드競技場
0%
5号線5号線546廣나루
0%
5号線5号線547千戶
0%
仁川交通公社2号線仁川交通公社2号線I206篤亭
0%
仁川交通公社2号線仁川交通公社2号線I205完井
0%
仁川交通公社2号線仁川交通公社2号線I204麻田
0%
仁川交通公社2号線仁川交通公社2号線I203黔丹四거리
0%
仁川交通公社2号線仁川交通公社2号線I202旺吉
0%
8号線8号線810岩寺
0%
牛耳新設線牛耳新設線S1124.19民主墓地
0%

Score Distribution

Percentile by Number Answered

Percent of People with Each Score

Your Score History

You have not taken this quiz